Návrh na zlepšenie riadenia životného cyklu značky

Guardado en:
Detalles Bibliográficos
Autor principal: Suchý, Ondrej (Autor)
Otros Autores: Babčanová, Dagmar (Orientador)
Formato: Manuscrito Libro
Lenguaje:eslovaco
Publicado: 2024
Materias:
Acceso en línea:http://is.stuba.sk/zp/portal_zp.pl?podrobnosti=177882
Etiquetas: Agregar Etiqueta
Sin Etiquetas, Sea el primero en etiquetar este registro!

MARC

LEADER 00000ntm a22000003a 4500
001 stuzp98695
003 SK-STU
005 20240608212411.2
007 ta
008 150427s2015----xo-----f-mn---000-0-slo-d
040 |a STU  |b slo 
041 0 |a slo 
100 1 |a Suchý, Ondrej  |u 064000  |k Z4  |4 aut  |U MTF Materiálovotechnologická fakulta  |T MTF Ústav priemyselného inžinierstva a manažmentu  |X 93368  |U M4000  |Y 84  |7 93368 
242 0 1 |a A proposal to improve the brand life cycle  |y eng 
245 1 0 |a Návrh na zlepšenie riadenia životného cyklu značky 
260 |c 2024 
650 4 |a životný cyklus značky  |2 slo 
650 4 |a riadenie značky  |2 slo 
650 4 |a značka  |2 slo 
650 4 |a brand  |2 eng 
650 4 |a brand life cycle  |2 eng 
650 4 |a brand management  |2 eng 
700 1 |a Babčanová, Dagmar  |u 064000  |k Z1  |4 ths  |U MTF Materiálovotechnologická fakulta  |T MTF Ústav priemyselného inžinierstva a manažmentu  |X 2819  |U M4000  |Y 84  |7 A000002819 
856 4 |u http://is.stuba.sk/zp/portal_zp.pl?podrobnosti=177882 
996 |c M* DP-15430  |l MMSKP  |s P  |a 0  |w stuzp98695_0001